00484 2200181 4500245003600000020001800036250001100054100001800065700001600083650001600099005001900115260003000134041001400164084000800178300002300186500008400209336000900293 aAlexandriacSalman AristohText a979-780-007-5 aCet. 6 aSalman Aristo aDenny Indra aNovel Fiksi a20231005132121 aJakartabGagasMediac2005 aIndonesia a813 a196 hlm. :c19 cm. aseberapa jauh cinta bisa membawamu pergi? Cinta memang memiliki sayap terhebat. atext